01783nam a2200385 a 4500001001100000003000800011006001900019007001500038008004100053010001700094015001500111016001900126020001500145020002300160040002100183035002000204050002300224082001200247111008300259245021500342260006000557300001500617490014000632504004100772533015200813650004800965655002901013700002501042700002201067700001801089710001701107830013101124856012501255999001701380ebr5000248CaPaEBRm u cr cn|||||||||020528s2000 ne sb 100 0 eng  z 99089842  aGBA2-372487 a15561998052Uk z1556199805 z9027237093(Europe) aCaPaEBRcCaPaEBR a(OCoLC)7074305914aPJ993b.C66 1996eb04a4922212 aConference on Afroasiatic Languagesn(3rd :d1996 :cSophia-Antipolis, France)10aResearch in Afroasiatic grammarh[electronic resource] :bpapers from the Third Conference on Afroasiatic Languages, Sophia Antipolis, France, 1996 /cedited by Jacqueline Lecarme, Jean Lowenstamm, Ur Shlonsky. aAmsterdam ;a[Great Britain] :bJohn Benjamins,cc2000. avi, 378 p.1 aAmsterdam studies in the theory and history of linguistic science. Series IV, Current issues in linguistic theory,x0304-0763 ;vv. 202 aIncludes bibliographical references. aElectronic reproduction.bPalo Alto, Calif. :cebrary,d2013.nAvailable via World Wide Web.nAccess may be limited to ebrary affiliated libraries. 0aAfroasiatic languagesxGrammarvCongresses. 7aElectronic books.2local1 aLecarme, Jacqueline.1 aLowenstamm, Jean.1 aShlonsky, Ur.2 aebrary, Inc. 0aAmsterdam studies in the theory and history of linguistic science.nSeries IV,pCurrent issues in linguistic theory ;vv. 202.40uhttp://site.ebrary.com/lib/rucke/Doc?id=5000248zAn electronic book accessible through the World Wide Web; click to view c17676d17676